| 000 | 00668nam a2200193 a 4500 | ||
|---|---|---|---|
| 001 | 000040775 | ||
| 005 | 20201002034353.0 | ||
| 008 | 130906s2007 sp a 000 0 spa d | ||
| 020 | _a9788420637976 | ||
| 040 |
_aDO-SdBNP _bspa _cBNPHU |
||
| 100 | 1 |
_aAsimov, Isaac _947685 |
|
| 240 | 1 | 0 |
_aThe Universe _lEspañol |
| 245 | 1 | 3 |
_aEl Universo : _bde la tierra plana a los quásares / _cIsaac Asimov ; traductor Miguel Paredes Larrucea. |
| 260 |
_aMadrid : _bAlianza Editorial, _c2007. |
||
| 300 |
_a448 p. : _bils. ; _c18 cm. |
||
| 500 | _aIncluye notas al pie de las páginas | ||
| 500 | _aTraducido del idioma inglés | ||
| 700 | 1 |
_aParedes Larrucea, Miguel, _etrad. _967182 |
|
| 999 |
_c40265 _d40265 |
||